000 00783nam a22002057a 4500
999 _c3418
_d3418
003 AR-CdUCM
008 190306b ||||| |||| 00| 0 spa d
040 _aMUNICIPALIDAD PROVINCIAL DEL CUSCO
_cBIBLIOTECA MUNICIPAL DEL CUSCO
082 _a323 /
_bOS83
100 _aOsterling Parodi, Felipe
_97382
245 _aCompendio Civil :
_bJurisprudencia y Legislación /
260 _aLima :
_bECB Ediciones S.A.C
_c2013.
300 _a877 páginas ;
_c24.5 cm.
505 _aContenido : Tribunal Constitucional en Materia Civil -- Casaciones de materia civil -- Plenos Casatorios en Materia Civil -- Código Civil -- Normas Complementarias...
650 _aDerecho Civil
_95265
650 _aCasatorios
_911271
650 _aCódigo Civil
_911272
942 _2ddc
_cLIBROS
945 _artm